Statistiques concernant Trouver le joueur spécial Espagne

Cliquez ici pour prendre le quiz!

Statistiques générales

  • Ce quiz a été pris 182 fois
  • Le résultat moyen est 15 sur 20

Statistiques - réponses

Réponse% Correct
Iniesta
99%
Piqué
95%
Ramos
93%
Xavi
93%
Puyol
92%
Busquets
86%
Carvajal
86%
Casillas
83%
Torres
83%
Alonso
82%
Silva
79%
Raul
77%
Alba
76%
Pedro
71%
Isco
68%
Navas
67%
Sarabia
60%
Morientes
28%
Guti
24%
Butragueno
22%

Distribution des résultats

Percentile par nombre de réponses

% des personnes avec chaque résultat

Votre développement - résultats

Vous n’avez pas pris ce quiz